00807cam a2200217Ia 4500020001800000020001500018040000800033082002600041245007700067246005500144260013400199300003800333500004000371650002000411650002000431650001800451650001800469650002500487650002500512710005200537 a9789211262230 a9211262232 cIWA a333 REN 2008 A076 Or.00aCross-border energy trade and its impact on the poor :bsynthesis report3 aCross border energy trade & its impact on the poor aBangkok, Thailand :bRegional Energy Programme for Poverty Reduction (REP-PoR), UNDP Regional Centre in Bangkok, Thailand,cc2008 avii, 103 p. :bcol. ill. ;c28 cm a"Sales #:E.08.III.B.18"--T.p. verso 0aPower resources 0aPower resources 0aEnergy policy 0aEnergy policy 0aEconomic development 0aEconomic development2 aRegional Energy Programme for Poverty Reduction